| 000 | 00418pab a2200157 454500 | ||
|---|---|---|---|
| 008 | 180718b1998 xxu||||| |||| 00| 0 eng d | ||
| 100 | _aMishra, Tapan Kumar | ||
| 245 | _aUser becomes managers: indigenous knowledge and modern forestry | ||
| 260 | _c1998 | ||
| 300 | _ap.262-63 | ||
| 362 | _a7 Feb | ||
| 650 | _aForest management | ||
| 650 | _aForestry | ||
| 773 | _aEconomic and Political Weekly | ||
| 909 | _a36593 | ||
| 999 |
_c36593 _d36593 |
||